000 01071cam a22002892 4500
001 0000001439
005 20151217151817.0
008 070312s xx 000 0 eng d
020 _a0070921326 :
_cKES 200 [donation]
040 _aKABU
_cKABU
050 0 _aGV14.45
_b.C67 1999
100 1 _aCordes, Kathleen A.
_@0000150191
245 1 0 _aApplications in recreation & leisure :
_bfor today and the future /
_cKathleen A. Cordes, Hilmi M. Ibrahim.
246 3 _aRecreation & leisure
250 _a2nd ed.
260 _aBoston :
_bWCB/McGraw Hill,
_cc1999.
300 _axvi, 349 p. :
_bCol, ill. ;
_c25 cm.
504 _aIncludes bibliographical references and index.
650 0 _aRecreation
_x Sociological aspects.
_@0000150192
650 0 _aLeisure
_xSociological aspects.
_@0000150193
700 1 _aIbrahim, Hilmi.
_@0000150194
908 _a070312
950 _@1
999 _c5261
_d5261